|
|
|
|
| LEADER |
00000cam a2200000 7i4500 |
| 001 |
0000011670 |
| 005 |
20071115.0 |
| 008 |
071115 |
| 020 |
|
|
|a 9838935727
|
| 090 |
0 |
0 |
|a NAS
|b MAL
|
| 100 |
0 |
|
|a Nass Alina Noah
|
| 245 |
1 |
0 |
|a Aku menyayangimu
|c Nass Alina Noah
|
| 260 |
|
|
|a Kuala Lumpur :
|b Creative Enterprise ,
|c 2004
|
| 650 |
|
0 |
|a Malay fiction
|
| 650 |
|
0 |
|a Novel
|
| 999 |
|
|
|a 0000925082
|b Book
|c Adult Collection
|e Cawangan Bukit Gambir
|
| 999 |
|
|
|a 0000925084
|b Book
|c Adult Collection
|e Cawangan Bukit Gambir
|
| 999 |
|
|
|a 0000940169
|b Book
|c Adult Collection
|e Cawangan Taman Sri Lambak
|
| 999 |
|
|
|a 0000940170
|b Book
|c Adult Collection
|e Cawangan Taman Sri Lambak
|
| 999 |
|
|
|a 0001001467
|b Book
|c Adult Collection
|e Perbadanan Perpustakaan Awam Johor
|
| 999 |
|
|
|a 0001001468
|b Book
|c Adult Collection
|e Perbadanan Perpustakaan Awam Johor
|
| 999 |
|
|
|a 0001001469
|b Book
|c Adult Collection
|e Perbadanan Perpustakaan Awam Johor
|
| 999 |
|
|
|a 0001001470
|b Book
|c Adult Collection
|e Perbadanan Perpustakaan Awam Johor
|
| 999 |
|
|
|a 000135102
|b Book
|c Adult Collection
|e Perbadanan Perpustakaan Awam Johor
|